00644nam a2200193Ia 4500008004100000020000700041082001600048100002500064245005100089250000700140260006000147300002300207500000700230600003300237650002600270942000700296952013200303999001500435240925s9999 xx 000 0 und d aNA a954.919 ANW aAnwar, Mian Mohammad 0aEconomic and Commercial Geography of Pakistan  aNA aLahore:bWhite Rose Publishers and Book Sellersc,1996. a313p.bNAfPirated aNA aHumanities & Natural Science aHistory and Geography cBK 001040708HUMaUITUbUITUd1997-11-18eVimko Book Sellers g60.00l0o954.919 ANWpQ1142r2024-09-25 07:12:20w2024-09-25yBK c3641d3641